000 00584nab a2200181 4500
001 244442
003 OSt
005 20241008122609.0
007 tu
008 200917s2020|||||||
040 _aDE-2950
_cDE-2950
245 0 0 _aFanfarenfreunde gründen Verein
_bKultur. Hans-Jörg Laurisch, früherer Leiter der Fanfarengarde, will ein Noten- und Musikarchiv der Naturtonmusik aufbauen/
_cjko
264 _c2024
653 _aFrankfurt (Oder)
653 _aFanfarengarde
773 0 _g35. Jahrgang (2024) Nr. 231 vom 02.10.2024, S. 16 mit Foto
_tMärkische Oderzeitung
942 _2z
_cA
999 _c373396
_d373396